000 01312cam a22003614i 4500
003 PE-LiUPU
005 20250731183351.0
008 150617s r 000 0 d
035 _a(Sirsi) a16256
040 _aPE-LiUPU
_bspa
_cPE-LiUPU
_erda
049 _aPRUA
082 0 4 _a780.9
_bG914c
_223
100 1 0 _aGuardia, Ernesto de la,
_eautor.
245 1 0 _aCompendio de historia de la música; desde la antigua Grecia hasta fines del siglo XVII con preliminares sobre formas y géneros.
264 1 _aBuenos Aires :
_bRicordi,
_c1954.
300 _a291 páginas retratos ;
_c20 centímetros.
336 _atext
_2rdacontent
337 _aunmediated
_2rdamedia
338 _avolume
_2rdacarrier
490 0 _aManuales Musicales Ricordi
505 0 _aGrecia -- La edad media -- El final de la edad media y el renacimiento -- Fin del renacimiento y siglo XVII -- El siglo XVIII.
526 _aP158
526 _aP146
526 _aP17
526 _aP12
526 _aP06
650 0 _aMúsica
_xHistoria y crítica.
_92273
910 _ajck
942 _2ddc
_cBK
_n0
949 _a780.9 G914c
_wDEWEY
_c1
_i16369
_lCCODEBUL1
_mBUL
_r0
_sY
_tBOOK
_u19781120
_xBIBLIOTECA
_zUNKNOWN
_0COMPRA
_o.STAFF. Colección General
980 _81
_gALBERTO SANCHEZ Responsable de Automatización
999 _c11519
_d11519